[Event "Titled Tuesday intern op 23rd May Late"]
[Site "Chess.com INT"]
[Date "2023.05.23"]
[Round "2"]
[White "Kiselev, Pavel"]
[Black "Urbina Perez, Juan Antonio"]
[Result "0-1"]
[WhiteElo "2245"]
[BlackElo "2266"]
[PlyCount "174"]
[EventDate "2023.05.23"]
[EventType "swiss (blitz)"]
[EventRounds "11"]
[EventCountry "USA"]
[SourceTitle "EXT 2024"]
[Source "ChessBase"]
[SourceDate "2023.10.10"]
[SourceVersion "1"]
[SourceVersionDate "2023.10.10"]
[SourceQuality "1"]

1. Nf3 Nf6 2. g3 d5 3. Bg2 e6 4. 0-0 Be7 5. d4 0-0 6. b3 b6 7. Bb2 Bb7 8. Ne5 Nbd7 9. c4 Qc8 10. Nd2 Nxe5 11. dxe5 Nd7 12. e4 dxc4 13. Nxc4 Rd8 14. Qe2 Ba6 15. Rfd1 Nc5 16. Rxd8+ Qxd8 17. Rd1 Qe8 18. Qd2 Rd8 19. Qc2 Rxd1+ 20. Qxd1 Bxc4 21. bxc4 Qd7 22. Qe2 Qd3 23. Qxd3 Nxd3 24. Bc3 Bc5 25. Kf1 Nxf2 26. Ke2 a5 27. a4 Kf8 28. h3 Ke7 29. Be1 Nxh3 30. Bxh3 g6 31. Bd2 Bd4 32. Kd3 Bxe5 33. Bf4 Bxf4 34. gxf4 c5 35. e5 Kf8 36. Ke4 Kg7 37. Kf3 h6 38. Kg4 Kh7 39. Kh4 Kg7 40. Bg2 Kh7 41. Kg4 Kg7 42. Kf3 Kh7 43. Ke4 Kg7 44. Bh3 Kh7 45. Ke3 Kg7 46. Bg2 Kh7 47. Bc6 Kg7 48. Ke4 Kh7 49. Bd7 Kg7 50. Be8 Kf8 51. Bb5 Kg7 52. Kf3 Kf8 53. Kg4 Kg7 54. f5 gxf5+ 55. Kf4 f6 56. Bd7 Kf7 57. Bc8 h5 58. Bb7 h4 59. Bg2 Kg6 60. Bh3 Kf7 61. Bf1 Kg6 62. Bg2 Kf7 63. Bh3 Kg6 64. Bg2 Kf7 65. Bc6 h3 66. exf6 Kxf6 67. Kg3 Ke5 68. Kxh3 Kd6 69. Bb7 Ke5 70. Kg3 Kd4 71. Ba6 e5 72. Kf3 e4+ 73. Ke2 f4 74. Bb7 f3+ 75. Kf2 Kd3 76. Bd5 e3+ 77. Ke1 f2+ 78. Kf1 Kd2 79. Bf3 Kc3 80. Be2 Kb4 81. Bd1 Kxc4 82. Ke2 Kd4 83. Bc2 c4 84. Bg6 Kc3 85. Bf5 Kb2 86. Be4 c3 87. Kxe3 f1Q 0-1